| 000 | 00000nam##2200000za#4500 |
| 001 | 9.675955 |
| 003 | CaOODSP |
| 005 | 20210624225528 |
| 007 | cr ||||||||||| |
| 008 | 150407|1999||||xxc|||||o f|0| 0 eng|d |
| 040 | |aCaOODSP|beng |
| 041 | |aeng |
| 041 | |afre |
| 043 | |an-cn--- |
| 086 | 1 |aCS95-206/1999-PDF |
| 245 | 00|aProfile of census tracts in Toronto |h[electronic resource] |
| 260 | |aOttawa - Ontario : |bStatistics Canada |c1999. |
| 300 | |a2 vols. In various pagings.|bcoloured maps, tables |
| 500 | |aHistorical census publication digitized by Statistics Canada. |
| 590 | |a12-44-Supp|b2012-12-13 |
| 690 | 07|aCensus|2gcpds |
| 710 | 2 |aStatistics Canada. |
| 792 | |tProfil des secteurs de recensement de Toronto |efre|w(CaOODSP)9.675956 |
| 856 | 40|ahttp://publications.gc.ca|qPDF|s40.5 MB|uhttps://publications.gc.ca/collections/collection_2012/statcan/rh-hc/CS95-206-1999-2.pdf |
| 856 | 40|ahttp://publications.gc.ca|qPDF|s31.8 MB|uhttps://publications.gc.ca/collections/collection_2012/statcan/rh-hc/CS95-206-1999-1.pdf |